| 000 | 00679nab a2200217 a 4500 | ||
|---|---|---|---|
| 005 | 20210219160738.0 | ||
| 008 | 991125s1985 mx 000 0 spa u | ||
| 035 | _aUPN01000171597 | ||
| 100 | 1 | _aDefior, Sylvia | |
| 222 | _aINFANCIA Y APRENDIZAJE = | ||
| 222 | _bJOURNAL FOR THE STUDY OF EDUCATION AND DEVELOPMENT | ||
| 245 | _a¿ Cómo facilitar el aprendizaje inicial de la lectoescritura ? : papel de las habilidades fonológicas | ||
| 260 | _aMadrid, España | ||
| 300 | _a333-345 | ||
| 362 | 0 | _a2008 Vol. 31, no. 3, sept. | |
| 653 | 0 | _aHABILIDADES FONOLOGICAS | |
| 653 | 0 | _aLECTURA | |
| 653 | 0 | _aESCRITURA | |
| 653 | 0 | _aEDUCACION PRIMARIA | |
| 905 | _aArticulo | ||
| 999 |
_c143702 _d143702 |
||